000 00264nam a2200109Ia 4500
008 201217s9999 xx 000 0 und d
100 _aBranch, Allen B.
245 0 _aEconomics of Shipping Practice
260 _aLondon
_bChapman & Hall
300 _a271
942 _cBK
999 _c6915
_d6915